FILMES DA PIXAR - Statistics

Estatísticas Gerais
  • Esse quiz foi jogado 594 vezes
    317 desde o último reset
  • A pontuação média é 20 de 28
Estatísticas das Respostas
ANO FILME % Correto
1995 Toy Story
97%
1999 Toy Story 2
91%
2010 Toy Story 3
89%
2019 Toy Story 4
88%
2006 Carros
87%
2001 Monstros SA
86%
2011 Carros 2
81%
2015 Divertidamente
81%
2017 Carros 3
80%
2024 Divertidamente 2
76%
2004 Os Incríveis
75%
2020 Soul
70%
2009 Up
70%
2018 Os Incríveis 2
69%
2008 Wall-e
69%
2003 Procurando Nemo
68%
1998 Vida de Inseto
68%
2021 Luca
65%
2013 Universidade Monstros
65%
2012 Valente
64%
2021 Red
61%
2017 Viva
61%
2016 Procurando Dory
60%
2023 Elementos
57%
2007 Ratatouille
56%
2015 O Bom Dinossauro
52%
2020 Dois Irmãos
51%
2022 Lightyear
38%
Nenhum quiz correspondente encontrado
Distribuição das Pontuações
Porcentagem de Pessoas com Cada Pontuação
Percentil de Números Respondidos
Sua Pontuação Histórica
Você não jogou esse quiz desde o último reset